MARC details
| 000 -LÍDER |
| campo de controle de tamanho fixo |
01860nam a22002894a 4500 |
| 001 - NÚMERO DE CONTROLE |
| campo de controle |
501 |
| 003 - IDENTIFICADOR DO NÚMERO DE CONTROLE |
| campo de controle |
BR-IBIA |
| 005 - DATA E HORÁRIO DA ÚLTIMA TRANSAÇÃO |
| campo de controle |
20260129100451.0 |
| 008 - CAMPO DE DADOS FIXOS--INFORMAÇÃO GERAL |
| campo de controle de tamanho fixo |
230113s2010 spb 000 0 por |
| 020 ## - ISBN - INTERNATIONAL STANDARD BOOK NUMBER |
| ISBN - International Standard Book Number |
9788576860761 |
| 040 ## - FONTE DA CATALOGAÇÃO |
| Idioma da catalogação |
por |
| 041 ## - CÓDIGO DE IDIOMA |
| Código do idioma do original e/ou traduções intermediárias do texto |
por |
| 082 04 - CDD - CLASSIFICAÇÃO DECIMAL DE DEWEY |
| Número de Classificação |
B869.3 |
| Número do exemplar |
S762b |
| 100 ## - ENTRADA PRINCIPAL--NOME PESSOAL |
| Nome pessoal |
Spohr, Eduardo, |
| Datas associadas ao nome |
1976- |
| 9 (RLIN) |
1076 |
| 245 12 - TÍTULO |
| Título |
A batalha do apocalipse: |
| Restante do título |
da queda dos anjos ao crepúsculo do mundo / |
| Indicação de responsabilidade, etc. |
Eduardo Spohr |
| 250 ## - EDIÇÃO |
| Declaração de edição |
18. ed. |
| 260 ## - PUBLICAÇÃO, DISTRIBUIÇÃO, ETC. |
| Local de publicação, distribuição, etc. |
Campinas, SP : |
| Nome do editor, distribuidor, etc. |
Verus, |
| Data da publicação, distribuição, etc. |
2010. |
| 300 ## - DESCRIÇÃO FÍSICA |
| Extensão |
586p. ; |
| 500 ## - NOTA GERAL |
| Nota geral |
<br/><br/> |
| 520 ## - NOTA DE RESUMO, ETC. |
| Resumo, etc. |
Há muitos e muitos anos, há tantos anos quanto o número de estrelas no céu, o Paraíso Celeste foi palco de um terrível levante. Um grupo de anjos guerreiros, amantes da justiça e da liberdade, desafiou a tirania dos poderosos arcanjos, levantando armas contra seus opressores. Expulsos, os renegados foram forçados ao exílio, e condenados a vagar pelo mundo dos homens até o dia do Juízo Final. Mas eis que chega o momento do Apocalipse, o tempo do ajuste de contas, o dia do despertar do Altíssimo. Único sobrevivente do expurgo, o líder dos renegados é convidado por Lúcifer, o Arcanjo Negro, a se juntar às suas legiões na batalha do Armagedon, o embate final entre o Céu e o Inferno, a guerra que decidirá não só o destino do mundo, mas o futuro do universo. Das ruínas da Babilônia ao esplendor do Império Romano; das vastas planícies da China aos gelados castelos da Inglaterra medieval. A Batalha do Apocalipse não é apenas uma viagem pela história humana, mas é também uma jornada de conhecimento, um épico empolgante, cheio de lutas heróicas, magia, romance e suspense.<br/> |
| 650 04 - ASSUNTO--TERMO TÓPICO |
| Cabeçalho tópico ou nome geográfico |
Literatura brasileira |
| 9 (RLIN) |
205 |
| 650 00 - ASSUNTO--TERMO TÓPICO |
| Cabeçalho tópico ou nome geográfico |
Fim do mundo |
| 9 (RLIN) |
1077 |
| 650 00 - ASSUNTO--TERMO TÓPICO |
| Cabeçalho tópico ou nome geográfico |
Bem contra o mal |
| 9 (RLIN) |
1078 |
| 655 ## - TERMO DE ÍNDICE--GÊNERO E FORMA |
| Gênero/forma/ou termo foco |
Romance |
| 655 ## - TERMO DE ÍNDICE--GÊNERO E FORMA |
| Gênero/forma/ou termo foco |
Ficção |
| 942 ## - ELEMENTOS DE ENTRADA ADICIONADOS (KOHA) |
| Fonte de classificação ou esquema de arquivamento |
Classificação decimal de Dewey |
| Ocultar no OPAC |
Não |
| Tipo de material Koha |
Livros |